000 00655nam a2200205 a 4500
003 SISC
005 20160602150212.0
008 090616s19uu xx 00 eng d
020 _a9781416607632
050 _aLB 1590.3
_b.H33 2009
100 _aCosta, Arthur
245 _aHabits of mind across the curriculum :
_bpractical and creative strategies for teachers /
_cArthur L. Costa [and] Bena Kallick.
260 _aAlexandria, VA. :
_bASCD,
_cc2009.
300 _a237 p. :
_bill. ;
_c23 cm.
650 _aThought and thinking
_xStudy and teaching.
650 _aCurriculum planning.
700 _aKallick, Bena
942 _cBK
_2lcc
999 _c12795
_d12795